There's a boy in the girls' bathroom / (Record no. 3951)
[ view plain ]
| 000 -LEADER | |
|---|---|
| fixed length control field | 00827nam a22002657a 4500 |
| 001 - CONTROL NUMBER | |
| control field | 3951 |
| 003 - CONTROL NUMBER IDENTIFIER | |
| control field | FISKH |
| 005 - DATE AND TIME OF LATEST TRANSACTION | |
| control field | 20240529084810.0 |
| 008 - FIXED-LENGTH DATA ELEMENTS--GENERAL INFORMATION | |
| fixed length control field | 240527b cb ||||| |||| 00| 0 eng d |
| 020 ## - INTERNATIONAL STANDARD BOOK NUMBER | |
| International Standard Book Number | 9780394805726 |
| 040 ## - CATALOGING SOURCE | |
| Original cataloging agency | FISK |
| Language of cataloging | eng |
| Transcribing agency | FISK |
| Modifying agency | FISK |
| 050 ## - LIBRARY OF CONGRESS CALL NUMBER | |
| Classification number | PZ7.S1185 |
| 082 ## - DEWEY DECIMAL CLASSIFICATION NUMBER | |
| Classification number | 813.54 |
| 100 ## - MAIN ENTRY--PERSONAL NAME | |
| Personal name | Sachar Louis |
| Dates associated with a name | 1954- |
| 245 ## - TITLE STATEMENT | |
| Title | There's a boy in the girls' bathroom / |
| Statement of responsibility, etc. | Louis Sachar |
| 260 ## - PUBLICATION, DISTRIBUTION, ETC. | |
| Place of publication, distribution, etc. | New York : |
| Name of publisher, distributor, etc. | Radom House, |
| Date of publication, distribution, etc. | 1987 |
| 300 ## - PHYSICAL DESCRIPTION | |
| Extent | 195 pages : |
| Dimensions | 20 cm |
| 505 ## - FORMATTED CONTENTS NOTE | |
| Formatted contents note | F<br/> |
| 520 ## - SUMMARY, ETC. | |
| Summary, etc. | An unmanageable, but lovable, eleven-year-old misfit learns to believe in himself when he gets to know the new school counselor, who is a sort of misfit too.<br/> |
| 521 8# - TARGET AUDIENCE NOTE | |
| Target audience note | 490<br/> |
| Source | Lexile<br/> |
| 521 8# - TARGET AUDIENCE NOTE | |
| Target audience note | F<br/> |
| Source | Raz-Plus<br/> |
| 700 ## - ADDED ENTRY--PERSONAL NAME | |
| Personal name | Louis Sachar |
| 942 ## - ADDED ENTRY ELEMENTS (KOHA) | |
| Source of classification or shelving scheme | Dewey Decimal Classification |
| Koha item type | Books |
| Suppress in OPAC | No |
| Withdrawn status | Lost status | Source of classification or shelving scheme | Damaged status | Not for loan | Collection | Home library | Current library | Shelving location | Date acquired | Total Checkouts | Full call number | Barcode | Date last seen | Copy number | Price effective from | Koha item type |
|---|---|---|---|---|---|---|---|---|---|---|---|---|---|---|---|---|
| Dewey Decimal Classification | Fiction | Footprints International School Library Network Toul Kork Campus | Footprints International School Library Network Toul Kork Campus | 05/27/2024 | SAC PZ7.S1185 813.54 | 2024-0724 | 05/27/2024 | 1 | 05/27/2024 | Books |
